Desarrollo de liderazgo y aprendizaje organizacional (Record no. 675507)

000 -CABECERA
Campo de control de longitud fija 00731nab a2200193Ia 4500
003 - IDENTIFICADOR DEL NÚMERO DE CONTROL
Campo de control ES-SlBCS
005 - FECHA Y HORA DE LA ÚLTIMA TRANSACCIÓN
Campo de control 20210601142338.0
008 - CÓDIGOS DE INFORMACIÓN DE LONGITUD FIJA
Campo de control de longitud fija 140529s2010 xxu||||| |||| 00| 0 spa d
041 ## - CÓDIGO DE LENGUA
Código de lengua del texto/banda sonora o título independiente spa
100 1# - PUNTO DE ACCESO PRINCIPAL-NOMBRE DE PERSONA
Nombre de persona Teles, Luciana
9 (RLIN) 268627
245 00 - MENCIÓN DE TÍTULO
Título Desarrollo de liderazgo y aprendizaje organizacional
Mención de responsabilidad, etc. Luciana Teles, Dalila Alves Correa, Antonio Carlos Giuliani, Graziela Oste Graziano, Valeria Elias Rueda Spers
650 04 - PUNTO DE ACCESO ADICIONAL DE MATERIA-TÉRMINO DE MATERIA
Término de materia o nombre geográfico como elemento inicial Desarrollo Gerencial
9 (RLIN) 268628
700 1# - PUNTO DE ACCESO ADICIONAL-NOMBRE DE PERSONA
Nombre de persona Alves Correa, Dalila
9 (RLIN) 268629
700 1# - PUNTO DE ACCESO ADICIONAL-NOMBRE DE PERSONA
Nombre de persona Giuliani, Antonio Carlos
9 (RLIN) 268559
700 1# - PUNTO DE ACCESO ADICIONAL-NOMBRE DE PERSONA
Nombre de persona Oste Graziano, Graziela
9 (RLIN) 268630
700 1# - PUNTO DE ACCESO ADICIONAL-NOMBRE DE PERSONA
Nombre de persona Rueda Spers, Valeria Elias
9 (RLIN) 268631
773 0# - ENLACE AL DOCUMENTO FUENTE
Título Invenio
Parte(s) relacionada(s) vol. 13, nº. 24, 2010, págs. 101-118
Número de control del registro relacionado Rev1649
942 ## - ENTRADA DE ELEMENTOS AGREGADOS (KOHA)
Koha [por defecto] tipo de item Artículos de revista
Holdings
Suprimido Perdido Estropeado No para préstamo Localización permanente Localización actual Localización en estantería Fecha adquisición Préstamos totales Fecha última consulta Fecha del precio de reemplazo Tipo de item de Koha
        San Esteban San Esteban Depósito de revistas 11/07/2014   11/07/2014 11/07/2014 Artículos de revista

Bibliotecas Dominicos Provincia Hispania, 2016

Con tecnología Koha